Wapenschilden van Nederlands steden - Statistieken

Algemene statistieken
  • Deze quiz is 49 keer genomen
  • De gemiddelde score is 7 van 16
Antwoordstatistieken
Foto Antwoord % Correct
Amsterdam
100%
Utrecht
89%
Den Haag
87%
Rotterdam
79%
Groningen
68%
Haarlem
42%
Maastricht
37%
Breda
32%
Eindhoven
29%
Almere
24%
Arnhem
21%
Enschede
21%
Nijmegen
18%
's-Hertogenbosch
18%
Tilburg
18%
Apeldoorn
8%
Geen overeenkomende quizzen gevonden
Scoreverdeling
Procent van Mensen met Elke Score
Percentiel versus Aantal Correcte Antwoorden
Uw Scoregeschiedenis
U heeft deze quiz nog niet genomen